00482nam a2200193 a 4500001001300000003000900013005001700022008004100039020000900080082001400089100002100103245003500124260003600159300000900195500003500204505001700239650001100256700002100267nice12345678IN_TiNIC20260116015310.0100923s1971 lona grp 000 0 eng  ac2500a170bBAR1 aBarclay, William aEthics in a Permissive Society aLondon bFontana/collins c1971 a222p aincludes index and biblioraphy2 aBibliography aEthics1 aBarclay, William